Stock condition surveys (Record no. 102521)

MARC details
000 -LEADER
fixed length control field 01004cam a2200253 4500
001 - CONTROL NUMBER
control field ##
008 - FIXED-LENGTH DATA ELEMENTS--GENERAL INFORMATION
fixed length control field #DATE n2002 000 0 eng u
020 ## - INTERNATIONAL STANDARD BOOK NUMBER
International Standard Book Number 0862974771
035 ## - SYSTEM CONTROL NUMBER
System control number (Sirsi) u120483
041 0# - LANGUAGE CODE
Language code of text/sound track or separate title eng
050 04 - LIBRARY OF CONGRESS CALL NUMBER
Classification number 306.6 $2 18
100 1# - MAIN ENTRY--PERSONAL NAME
Personal name Hellyer, Bob
245 00 - TITLE STATEMENT
Title Stock condition surveys
Remainder of title a guide for registered social landlords
250 ## - EDITION STATEMENT
Edition statement 2nd ed.
260 ## - PUBLICATION, DISTRIBUTION, ETC.
Place of publication, distribution, etc. London
Name of publisher, distributor, etc. National Housing Federation
Date of publication, distribution, etc. 2002
300 ## - PHYSICAL DESCRIPTION
Extent vi, 93p.
Dimensions 30cm.
350 ## - PRICE (NR) (BK AM CF MU VM SE) [OBSOLETE]
Price 39.95
520 ## - SUMMARY, ETC.
Summary, etc. A new edition of this guide aimed at board members, maintenance managers and senior staff members of housing associations which has been revised to take into account recent legislation, the decent homes standard, and the housing health and safety rating recommended by the Office of the Deputy Prime Minister.
650 24 - SUBJECT ADDED ENTRY--TOPICAL TERM
Topical term or geographic name entry element DCLG DECENT HOMES STANDARD
651 #4 - SUBJECT ADDED ENTRY--GEOGRAPHIC NAME
Geographic name England
Chronological subdivision 886-
690 ## - LOCAL SUBJECT ADDED ENTRY--TOPICAL TERM (OCLC, RLIN)
Topical term or geographic name as entry element PROPERTY-RESIDENTIAL PROPERTY-RESIDENTIAL PROPERTY MANAGEMENT
690 ## - LOCAL SUBJECT ADDED ENTRY--TOPICAL TERM (OCLC, RLIN)
Topical term or geographic name as entry element SOCIAL HOUSING
942 ## - ADDED ENTRY ELEMENTS (KOHA)
Suppress in OPAC 0
Holdings
Withdrawn status Lost status Source of classification or shelving scheme Damaged status Not for loan Home library Current library Shelving location Date acquired Total Checkouts Full call number Barcode Date last seen Date last checked out Copy number Price effective from Koha item type
    Dewey Decimal Classification     London London Folio 16/09/2004 11 F306.6 HEL 30069523 06/08/2019 13/02/2007 2 06/08/2019 Book